000 00608nam a2200181Ia 4500
008 210719s2005 xx 000 0 und d
020 _a0-13-113988-6
041 _aeng
082 _a621.3192 COOI
100 _aCOOK (Nigel P)
245 _aInstructors resource manual to accompany introductory DC/AC electronics and introductory DC/AC circuits Ed 6
250 _a6
260 _aUSA
_bPearson Education
_c2005
300 _a292
_bPB
365 _cRs
650 _aElectronics
906 _a6 ; accompany ; and ; circuits ; DC/AC ; Ed ; electronics ; Instructors ; introductory ; manual ; resource ; to
999 _c215006
_d215006